到其他省区驻地近于到本省区驻地的地级行政区 - Statistics

General Stats
  • This quiz has been taken 49 times
  • The average score is 61 of 73
Answer Stats
距离更近的省级行政区驻地 地级行政区 % Correct
哈尔滨市 呼伦贝尔市
97%
北京市 廊坊市
97%
合肥市 徐州市
97%
太原市 榆林市
97%
北京市 承德市
95%
西安市 庆阳市
95%
武汉市 信阳市
95%
哈尔滨市 兴安盟
95%
西宁市 嘉峪关市
92%
西宁市 酒泉市
92%
上海市 苏州市
92%
天津市 唐山市
92%
海口市 湛江市
92%
澳门特别行政区 珠海市
92%
银川市 阿拉善盟
90%
香港特别行政区 潮州市
90%
北京市 赤峰市
90%
呼和浩特市 大同市
90%
重庆市 恩施土家族苗族自治州
90%
重庆市 广安市
90%
海口市 茂名市
90%
西安市 平凉市
90%
香港特别行政区 深圳市
90%
沈阳市 通辽市
90%
福州市 温州市
90%
银川市 乌海市
90%
上海市 无锡市
90%
北京市 锡林郭勒盟
90%
澳门特别行政区 阳江市
90%
重庆市 宜宾市
90%
北京市 张家口市
90%
西宁市 张掖市
90%
香港特别行政区 揭阳市
87%
重庆市 泸州市
87%
南京市 马鞍山市
87%
天津市 秦皇岛市
87%
香港特别行政区 汕头市
87%
香港特别行政区 汕尾市
87%
西宁市 武威市
87%
澳门特别行政区 中山市
87%
天津市 沧州市
85%
南京市 滁州市
85%
重庆市 达州市
85%
香港特别行政区 惠州市
85%
香港特别行政区 梅州市
85%
上海市 南通市
85%
重庆市 遂宁市
85%
南京市 芜湖市
85%
石家庄市 阳泉市
85%
银川市 巴彦淖尔市
82%
西宁市 金昌市
82%
郑州市 晋城市
82%
重庆市 南充市
82%
重庆市 内江市
82%
西安市 十堰市
82%
南京市 宣城市
82%
西安市 运城市
82%
昆明市 攀枝花市
79%
重庆市 巴中市
77%
昆明市 凉山彝族自治州
77%
郑州市 亳州市
74%
长沙市 萍乡市
72%
杭州市 黄山市
67%
西安市 三门峡市
67%
广州市 贺州市
64%
沈阳市 通化市
64%
广州市 梧州市
64%
郑州市 长治市
64%
兰州市 固原市
62%
郑州市 菏泽市
62%
长沙市 宜春市
62%
上海市 舟山市
62%
昆明市 黔西南布依族苗族自治州
51%
No matching quizzes found
Score Distribution
Percent of People with Each Score
Percentile by Number Answered
Your Score History
You have not taken this quiz